íEs hora de transformar Nicaragua de un país de riesgos en una nación de oportunidades! /
Guardado en:
| 主要作者: | |
|---|---|
| 格式: | Texto |
| 标签: |
添加标签
没有标签, 成为第一个标记此记录!
|
MARC
| LEADER | 00000 a a2200000 04500 | ||
|---|---|---|---|
| 001 | 48096 | ||
| 003 | |||
| 040 | |||
| 100 | |a Guzmán Areas, Luis Humberto | ||
| 245 | |a íEs hora de transformar Nicaragua de un país de riesgos en una nación de oportunidades! / |c Luis Humberto Guzmán Areas | ||
| 773 | |g número41, (enero-marzo, 1996), páginas 60-67 | ||
| 999 | |c 22272 |d 22272 | ||
